Κατάλογος Βιβλιοθηκών Mediterranean College

Globalization Strategy in the Hotel Industry (Record no. 2749)

MARC details
000 -LEADER
fixed length control field 01502cam a22002054a 4500
005 - ΗΜΕΡΟΜΗΝΙΑ ΚΑΙ ΩΡΑ ΤΕΛΕΥΤΑΙΑΣ ΕΝΗΜΕΡΩΣΗΣ
Πεδίο ελέγχου 20250605164052.0
008 - FIXED-LENGTH DATA ELEMENTS--GENERAL INFORMATION
Πεδίο ελέγχου σταθερού μήκους 250528s ||||||||||||||||||||||||d
035 ## - SYSTEM CONTROL NUMBER
System control number 17321
020 ## - ISBN
ISBN 415103231
040 ## - ΠΗΓΗ ΚΑΤΑΛΟΓΟΓΡΑΦΗΣΗΣ
Φορέας πρωτότυπης καταλογογράφησης MC Athens Campus Library
Γλώσσα καταλογογράφησης Ελληνικά, Μοντέρνα (1453-)
Modifying agency MC Athens Campus Library
Κανόνες περιγραφικής καταλογογράφησης AACR2
245 1# - ΤΙΤΛΟΣ ΚΑΙ ΔΗΛΩΣΗ ΥΠΕΥΘΥΝΟΤΗΤΑΣ
Τίτλος Globalization Strategy in the Hotel Industry
260 ## - PUBLICATION, DISTRIBUTION, ETC.
Name of publisher, distributor, etc. Rouledge,
Date of publication, distribution, etc. 1995
300 ## - PHYSICAL DESCRIPTION
Extent 420
520 ## - SUMMARY, ETC.
Summary, etc. An ideal reference for students and professionals wanting to understand the current climate of the international hotel industry and future strategic directions. Foreword, Preface, Acknowledgements, Introduction and General Trends in the Hotel Industry, Introduction to Globalization, The International Hotel Industry, Appraising the Global Competitive Environment, Strategic Environment of the Global Hotel Industry, Understanding the Structural Dynamics of the American Hotel Industry, Expanding in a Barrier-Free Europe, Sustaining the Competitiveness of Hong Kong's Hotel Industry, Responses to Strategic Developments in the Global Hotel Industry, Capitalizing on Human Resources Strategy for Competitive Advantage, Reversing the Cycle of Failure Through Organizational Renewal, Implementing Globalization Strategies, Competing and Cooperating in the Changing Tourism Channel System, Evolving Towards a Business Ecosystem, Charting a New Course into the Twenty-First Century, Notes, Bibliography, Index.
700 1# - ΠΡΟΣΘΕΤΗ ΑΝΑΓΡΑΦΗ--ΦΥΣΙΚΟ ΠΡΟΣΩΠΟ
Personal name Go Frank M
9 (RLIN) 3482
700 1# - ΠΡΟΣΘΕΤΗ ΑΝΑΓΡΑΦΗ--ΦΥΣΙΚΟ ΠΡΟΣΩΠΟ
Personal name Pine Ray
9 (RLIN) 3483
942 ## - ADDED ENTRY ELEMENTS (KOHA)
Koha item type Books
Holdings
Τύπος τεκμηρίου Βιβλιοθήκη Τρέχουσα τοποθεσία Barcode Αριθμός εισαγωγής Ημερομηνία απόκτησης Ταξιθετικό σύμβολο Αριθμός αντιτύπου Κατάσταση απόσυρσης Κατάσταση χαμένου Κατάσταση κατεστραμμένου Μη δανεισμός Σύνολο δανεισμών Ημερομηνία τελευταίας εμφάνισης Η τιμή ισχύει από
Books MC Athens Campus Library MC Athens Campus Library 9780000027481 9955 05/06/2025 338.4/764794 GO 1           05/06/2025 05/06/2025

MC Athens Campus Library
Πατησίων 94 & Κοδριγκτώνος 13, 104 34
Πελλήνης 8 & Πατησίων 107, 112 51
Τ: +30 210 8899600

MC Thessaloniki Campus Library
Ίωνος Δραγούμη 21, 54625 | Ίωνος Δραγούμη 15, 54625
Τ: +30 2310 287779 – Τ: +30 2314 440300